| 000 | 00745nam a22002295a 4500 | ||
|---|---|---|---|
| 003 | OSt | ||
| 005 | 20171101110149.0 | ||
| 008 | 171101s2017 ua frb 000 0 ara d | ||
| 040 |
_aEG-ScBUE _bara _cEG-ScBUE |
||
| 043 | _af-ua--- | ||
| 082 | 0 | 4 |
_a342.6206 _bش ر ق _222 |
| 100 | 1 | _aشرقاوي، سعاد. | |
| 245 | 1 | 2 |
_aالقانون الإداري / _cسعاد الشرقاوي. |
| 260 |
_aالقاهرة : _bدار النهضة العربية، _c2017. |
||
| 300 |
_a547 ص. ؛ _c24 سم. |
||
| 504 | _aيشتمل على إرجاعات ببليوجرافية. | ||
| 650 | 7 |
_aالقانون الإداري _zمصر. _2BUEsh _940573 |
|
| 651 | _2BUEsh | ||
| 653 |
_bLLAAWW _cNovember2017 |
||
| 655 |
_vReading book _934232 |
||
| 942 | _2ddc | ||
| 999 |
_c25535 _d25507 |
||